000 00695nam a22002417a 4500
001 BR7301100
003 BR-BrBNA
005 20230928095826.0
007 ta
008 230509b bl.||||| |||| 00| 0 por d
040 _aBR-BrBNA
_bpor
_cBiblioteca Nacional de Agricultura
041 _a(Por)
072 _aE10
_b2120
090 _ 2120 BR7301100
110 1 _aGrupo Executivo de Racionalizacao da Cafeicultura, Rio de Janeiro, GB (Brasil)
_95495
245 1 _aO programa do GERCA
_bInstrucoes para financiamentos
260 3 _aRio de Janeiro, GB (Brasil):
_c1962.
300 _a5 p.
650 _aCafe
650 _aFinanciamento
909 _a202309
_bLucia
_c55
_dLucia Elande
942 _cBK
999 _c58864
_d58864